| 000 | 00000nam##2200000za#4500 |
| 001 | 9.642167 |
| 003 | CaOODSP |
| 005 | 20210624223554 |
| 007 | cr ||||||||||| |
| 008 | 150407|1998||||xxc|||||o f|0| 0 fre|d |
| 040 | |aCaOODSP|bfre |
| 043 | |an-cn--- |
| 086 | 1 |aRH64-106/1998F-PDF |
| 110 | 1 |aCanada.|bDéveloppement des ressources humaines Canada. |bPolitique stratégique. |
| 245 | 10|aÉtudes bilan - examen de la documentation sur les politiques, programmes et services relatifs à l'emploi, au marché du travail et au développement économique à l'intention des peuples autochtones : |h[ressource électronique]|brapport technique / |c[par] Évaluation et développement des données. |
| 260 | |aOttawa - Ontario : |bDéveloppement des ressources humaines Canada. |cMai 1998. |
| 300 | |a136p.|btableaux |
| 504 | |aBibliographie. |
| 590 | |a13-16-Supp|b2013-07-12 |
| 775 | 08|tLessons learned - literature review on employment, labour market and economic development policies, programs and services for Aboriginal peoples : |w(CaOODSP)9.698174 |
| 856 | 40|ahttp://publications.gc.ca|qPDF|s500 Ko|uhttps://publications.gc.ca/collections/collection_2013/rhdcc-hrsdc/RH64-106-1998-fra.pdf |
| 986 | |aSP-AH141T-05-98F |